000 00431nam a22001817a 4500
003 MPLRDC
005 20220104113802.0
008 210129b ||||| |||| 00| 0 eng d
082 _a848.4 ZAL v.2 c.3
100 _a张爱玲著
245 _a流言
_c
250 _a第十六版
260 _a
_b皇冠出版社
_c1987
300 _b
490 _a皇冠丛书;166
650 _a现代别集
942 _cBK
_o848.4 ZAL v.2 c.3
999 _c2339
_d2329